<?xml version="1.0" encoding="UTF-8"?>
<collection xmlns="http://www.loc.gov/MARC21/slim">
 <record>
  <leader>04970cam a2200661 cc4500</leader>
  <controlfield tag="001">113641665X</controlfield>
  <controlfield tag="003">DE-627</controlfield>
  <controlfield tag="005">20250610114343.0</controlfield>
  <controlfield tag="007">tu</controlfield>
  <controlfield tag="008">980615s1998    gw |||||      00| ||ger c</controlfield>
  <datafield tag="020" ind1=" " ind2=" ">
   <subfield code="a">3422030484</subfield>
  </datafield>
  <datafield tag="035" ind1=" " ind2=" ">
   <subfield code="a">(DE-627)113641665X</subfield>
  </datafield>
  <datafield tag="035" ind1=" " ind2=" ">
   <subfield code="a">(DE-576)066416655</subfield>
  </datafield>
  <datafield tag="035" ind1=" " ind2=" ">
   <subfield code="a">(DE-599)BSZ066416655</subfield>
  </datafield>
  <datafield tag="035" ind1=" " ind2=" ">
   <subfield code="a">(OCoLC)742267411</subfield>
  </datafield>
  <datafield tag="035" ind1=" " ind2=" ">
   <subfield code="a">(OCoLC)742267411</subfield>
  </datafield>
  <datafield tag="040" ind1=" " ind2=" ">
   <subfield code="a">DE-627</subfield>
   <subfield code="b">ger</subfield>
   <subfield code="c">DE-627</subfield>
   <subfield code="e">rda</subfield>
  </datafield>
  <datafield tag="041" ind1=" " ind2=" ">
   <subfield code="a">ger</subfield>
  </datafield>
  <datafield tag="044" ind1=" " ind2=" ">
   <subfield code="c">XA-DE</subfield>
  </datafield>
  <datafield tag="072" ind1=" " ind2="7">
   <subfield code="a">ARC000000</subfield>
   <subfield code="2">bisacsh</subfield>
  </datafield>
  <datafield tag="084" ind1=" " ind2=" ">
   <subfield code="a">LK 11000</subfield>
   <subfield code="2">rvk</subfield>
   <subfield code="0">(DE-625)rvk/97538:</subfield>
  </datafield>
  <datafield tag="084" ind1=" " ind2=" ">
   <subfield code="a">LK 11240</subfield>
   <subfield code="2">rvk</subfield>
   <subfield code="0">(DE-625)rvk/97550:</subfield>
  </datafield>
  <datafield tag="084" ind1=" " ind2=" ">
   <subfield code="a">LH 10180</subfield>
   <subfield code="2">rvk</subfield>
   <subfield code="0">(DE-625)rvk/92209:</subfield>
  </datafield>
  <datafield tag="084" ind1=" " ind2=" ">
   <subfield code="a">RH 35015</subfield>
   <subfield code="2">rvk</subfield>
   <subfield code="0">(DE-625)rvk/142326:12585</subfield>
  </datafield>
  <datafield tag="100" ind1="1" ind2=" ">
   <subfield code="a">Bechter, Barbara</subfield>
   <subfield code="d">1962-</subfield>
   <subfield code="e">GeistigeR SchöpferIn</subfield>
   <subfield code="0">(DE-588)1046923897</subfield>
   <subfield code="0">(DE-627)777300338</subfield>
   <subfield code="0">(DE-576)173193269</subfield>
   <subfield code="4">cre</subfield>
  </datafield>
  <datafield tag="245" ind1="1" ind2="0">
   <subfield code="a">Handbuch der deutschen Kunstdenkmäler</subfield>
   <subfield code="p">Regierungsbezirke Leipzig und Chemnitz / bearbeitet von Barbara Bechter, Wiebke Fastenrath, Heinrich Magirius und anderen Fachkollegen</subfield>
   <subfield code="c">Georg Dehio. Begründet vom Tag für Denkmalpflege, fortgeführt von Ernst Gall</subfield>
  </datafield>
  <datafield tag="250" ind1=" " ind2=" ">
   <subfield code="a">Neubearbeitung</subfield>
  </datafield>
  <datafield tag="264" ind1=" " ind2="1">
   <subfield code="a">München</subfield>
   <subfield code="b">Deutscher Kunstverlag</subfield>
   <subfield code="c">1998</subfield>
  </datafield>
  <datafield tag="300" ind1=" " ind2=" ">
   <subfield code="a">XI, 1172, 11 Seiten</subfield>
   <subfield code="b">IIlustrationen, Karten</subfield>
   <subfield code="c">19 cm</subfield>
  </datafield>
  <datafield tag="336" ind1=" " ind2=" ">
   <subfield code="a">Text</subfield>
   <subfield code="b">txt</subfield>
   <subfield code="2">rdacontent</subfield>
  </datafield>
  <datafield tag="337" ind1=" " ind2=" ">
   <subfield code="a">ohne Hilfsmittel zu benutzen</subfield>
   <subfield code="b">n</subfield>
   <subfield code="2">rdamedia</subfield>
  </datafield>
  <datafield tag="338" ind1=" " ind2=" ">
   <subfield code="a">Band</subfield>
   <subfield code="b">nc</subfield>
   <subfield code="2">rdacarrier</subfield>
  </datafield>
  <datafield tag="583" ind1="1" ind2=" ">
   <subfield code="a">Archivierung/Langzeitarchivierung gewährleistet</subfield>
   <subfield code="c">20211025</subfield>
   <subfield code="f">SLG</subfield>
   <subfield code="x">XA-DE-BW</subfield>
   <subfield code="z">Buchnachlass</subfield>
   <subfield code="2">pdager</subfield>
   <subfield code="5">DE-25</subfield>
  </datafield>
  <datafield tag="583" ind1="1" ind2=" ">
   <subfield code="a">Archivierung/Langzeitarchivierung gewährleistet</subfield>
   <subfield code="c">20211220</subfield>
   <subfield code="f">SLG</subfield>
   <subfield code="x">XA-DE-BW</subfield>
   <subfield code="z">Provenienz</subfield>
   <subfield code="2">pdager</subfield>
   <subfield code="5">DE-25</subfield>
  </datafield>
  <datafield tag="689" ind1="0" ind2="0">
   <subfield code="d">g</subfield>
   <subfield code="0">(DE-588)4035207-9</subfield>
   <subfield code="0">(DE-627)104731508</subfield>
   <subfield code="0">(DE-576)209011254</subfield>
   <subfield code="a">Bezirk Leipzig</subfield>
   <subfield code="2">gnd</subfield>
  </datafield>
  <datafield tag="689" ind1="0" ind2=" ">
   <subfield code="5">(DE-627)</subfield>
  </datafield>
  <datafield tag="689" ind1="1" ind2="0">
   <subfield code="d">g</subfield>
   <subfield code="0">(DE-588)4029703-2</subfield>
   <subfield code="0">(DE-627)106273205</subfield>
   <subfield code="0">(DE-576)208983813</subfield>
   <subfield code="a">Bezirk Karl-Marx-Stadt</subfield>
   <subfield code="2">gnd</subfield>
  </datafield>
  <datafield tag="689" ind1="1" ind2=" ">
   <subfield code="5">(DE-627)</subfield>
  </datafield>
  <datafield tag="700" ind1="1" ind2=" ">
   <subfield code="a">Fastenrath, Wiebke</subfield>
   <subfield code="e">GeistigeR SchöpferIn</subfield>
   <subfield code="4">cre</subfield>
  </datafield>
  <datafield tag="700" ind1="1" ind2=" ">
   <subfield code="a">Magirius, Heinrich</subfield>
   <subfield code="d">1934-2021</subfield>
   <subfield code="e">GeistigeR SchöpferIn</subfield>
   <subfield code="0">(DE-588)119318253</subfield>
   <subfield code="0">(DE-627)080127061</subfield>
   <subfield code="0">(DE-576)162097468</subfield>
   <subfield code="4">cre</subfield>
  </datafield>
  <datafield tag="710" ind1="2" ind2=" ">
   <subfield code="a">Dehio-Vereinigung</subfield>
   <subfield code="0">(DE-588)2074444-4</subfield>
   <subfield code="0">(DE-627)103846220</subfield>
   <subfield code="0">(DE-576)192185829</subfield>
   <subfield code="4">oth</subfield>
  </datafield>
  <datafield tag="773" ind1="1" ind2="8">
   <subfield code="w">(DE-627)1081816058</subfield>
   <subfield code="w">(DE-576)011816058</subfield>
   <subfield code="g">sachs, neu, 2</subfield>
   <subfield code="q">sach, neu, 2</subfield>
   <subfield code="7">nnam</subfield>
  </datafield>
  <datafield tag="776" ind1="0" ind2="8">
   <subfield code="i">Erscheint auch als</subfield>
   <subfield code="n">Online-Ausgabe</subfield>
   <subfield code="a">Dehio, Georg, 1850 - 1932</subfield>
   <subfield code="t">Dehio - Handbuch der deutschen Kunstdenkmäler</subfield>
   <subfield code="b">Neubearbeitung</subfield>
   <subfield code="d">München : Deutscher Kunstverlag, 1998</subfield>
   <subfield code="h">1 Online-Ressource (XI, 1172, 11 Seiten)</subfield>
   <subfield code="w">(DE-627)1887791248</subfield>
   <subfield code="z">9783422801592</subfield>
  </datafield>
  <datafield tag="787" ind1="0" ind2="8">
   <subfield code="i">Rezensiert in</subfield>
   <subfield code="a">Szeiklies-Weber, Ingrid, 1932 - </subfield>
   <subfield code="t">[Rezension von: Georg Dehio, Handbuch der Deutschen Kunstdenkmäler]</subfield>
   <subfield code="d">1999</subfield>
   <subfield code="w">(DE-627)1866176870</subfield>
  </datafield>
  <datafield tag="787" ind1="0" ind2="8">
   <subfield code="i">Rezensiert in</subfield>
   <subfield code="a">Szeiklies-Weber, Ingrid, 1932 - </subfield>
   <subfield code="t">Handbuch der deutschen Kunstdenkmäler 2 (Sach,neu,2) Die Regierungsbezirke Leipzig und Chemnitz</subfield>
   <subfield code="d">1999</subfield>
   <subfield code="w">(DE-627)1352707659</subfield>
   <subfield code="w">(DE-576)282707654</subfield>
  </datafield>
  <datafield tag="787" ind1="0" ind2="8">
   <subfield code="i">Rezensiert in</subfield>
   <subfield code="a">Müller, Heinz</subfield>
   <subfield code="t">Handbuch der deutschen Kunstdenkmäler 2 (Sach,neu,2) Die Regierungsbezirke Leipzig und Chemnitz</subfield>
   <subfield code="d">1999</subfield>
   <subfield code="w">(DE-627)1352708159</subfield>
   <subfield code="w">(DE-576)282708154</subfield>
  </datafield>
  <datafield tag="787" ind1="0" ind2="8">
   <subfield code="i">Rezensiert in</subfield>
   <subfield code="a">Quinger, Heinz, 1930 - 2000</subfield>
   <subfield code="t">Handbuch der deutschen Kunstdenkmäler 2 (Sach,neu,2) Die Regierungsbezirke Leipzig und Chemnitz</subfield>
   <subfield code="d">2000</subfield>
   <subfield code="w">(DE-627)135270885X</subfield>
   <subfield code="w">(DE-576)282708855</subfield>
  </datafield>
  <datafield tag="889" ind1=" " ind2=" ">
   <subfield code="w">(DE-576)48435597X</subfield>
  </datafield>
  <datafield tag="936" ind1="r" ind2="v">
   <subfield code="a">LK 11000</subfield>
   <subfield code="b">Gesamtdeutschland (oder einzelne Teile Deutschlands)</subfield>
   <subfield code="k">Kunstgeschichte</subfield>
   <subfield code="k">Kunst nach Ländern bzw. Kontinenten</subfield>
   <subfield code="k">Deutschland</subfield>
   <subfield code="k">Kunsttopografie Deutschlands</subfield>
   <subfield code="k">Gesamtdeutschland (oder einzelne Teile Deutschlands)</subfield>
   <subfield code="0">(DE-627)1270641050</subfield>
   <subfield code="0">(DE-625)rvk/97538:</subfield>
   <subfield code="0">(DE-576)200641050</subfield>
  </datafield>
  <datafield tag="936" ind1="r" ind2="v">
   <subfield code="a">LK 11240</subfield>
   <subfield code="b">Sachsen</subfield>
   <subfield code="k">Kunstgeschichte</subfield>
   <subfield code="k">Kunst nach Ländern bzw. Kontinenten</subfield>
   <subfield code="k">Deutschland</subfield>
   <subfield code="k">Kunsttopografie Deutschlands</subfield>
   <subfield code="k">Einzelne deutsche Länder</subfield>
   <subfield code="k">Sachsen</subfield>
   <subfield code="0">(DE-627)1270989308</subfield>
   <subfield code="0">(DE-625)rvk/97550:</subfield>
   <subfield code="0">(DE-576)200989308</subfield>
  </datafield>
  <datafield tag="936" ind1="r" ind2="v">
   <subfield code="a">LH 10180</subfield>
   <subfield code="b">Deutschland (in den Grenzen von 1937)</subfield>
   <subfield code="k">Kunstgeschichte</subfield>
   <subfield code="k">Allgemeines. Allgemeine Kunstgeschichte</subfield>
   <subfield code="k">Kunstführer, Kunstreiseführer</subfield>
   <subfield code="k">Europa</subfield>
   <subfield code="k">Einzelne europäische Staaten und Gebiete</subfield>
   <subfield code="k">Deutschland</subfield>
   <subfield code="k">Deutschland (in den Grenzen von 1937)</subfield>
   <subfield code="0">(DE-627)1271071290</subfield>
   <subfield code="0">(DE-625)rvk/92209:</subfield>
   <subfield code="0">(DE-576)201071290</subfield>
  </datafield>
  <datafield tag="936" ind1="r" ind2="v">
   <subfield code="a">RH 35015</subfield>
   <subfield code="b">Geografische Führer</subfield>
   <subfield code="k">Geografie</subfield>
   <subfield code="k">Regionale Geografie</subfield>
   <subfield code="k">Europa</subfield>
   <subfield code="k">Mitteleuropa</subfield>
   <subfield code="k">Deutschland</subfield>
   <subfield code="k">Deutschland (Östliche Länder)</subfield>
   <subfield code="k">Sachsen</subfield>
   <subfield code="k">Sachsen</subfield>
   <subfield code="k">Unterlagen für die gesamte Geografie</subfield>
   <subfield code="k">Bibliografien und Nachschlagewerke</subfield>
   <subfield code="k">Geografische Führer</subfield>
   <subfield code="0">(DE-627)1270974505</subfield>
   <subfield code="0">(DE-625)rvk/142326:12585</subfield>
   <subfield code="0">(DE-576)200974505</subfield>
  </datafield>
  <datafield tag="936" ind1="r" ind2="u">
   <subfield code="a">LH 10190</subfield>
   <subfield code="b">Bundesrepublik Deutschland</subfield>
   <subfield code="k">Kunstgeschichte</subfield>
   <subfield code="k">Allgemeines. Allgemeine Kunstgeschichte</subfield>
   <subfield code="k">Kunstführer, Kunstreiseführer</subfield>
   <subfield code="k">Europa insgesamt</subfield>
   <subfield code="k">Einzelne europäische Staaten und Gebiete</subfield>
   <subfield code="k">Deutschland (in den Grenzen von 1937)</subfield>
   <subfield code="k">Bundesrepublik Deutschland</subfield>
   <subfield code="0">(DE-627)1271271281</subfield>
   <subfield code="0">(DE-576)201271281</subfield>
   <subfield code="z">Ungueltig</subfield>
  </datafield>
  <datafield tag="951" ind1=" " ind2=" ">
   <subfield code="a">MV</subfield>
  </datafield>
  <datafield tag="990" ind1=" " ind2=" ">
   <subfield code="a">Bezirk Leipzig</subfield>
  </datafield>
  <datafield tag="990" ind1=" " ind2=" ">
   <subfield code="a">Bezirk Karl-Marx-Stadt</subfield>
  </datafield>
  <datafield tag="991" ind1=" " ind2=" ">
   <subfield code="a">Rezensiertes Werk</subfield>
  </datafield>
  <datafield tag="999" ind1=" " ind2=" ">
   <subfield code="a">KXP-PPN113641665X</subfield>
   <subfield code="e">4921543178</subfield>
  </datafield>
 </record>
</collection>
